World's Busiest Orchestras - Statistics

General Stats
  • This quiz has been taken 70 times
    69 since last reset
  • The average score is 8 of 20
Answer Stats
Hint Answer % Correct
6 Orchestra Berlin Philharmonic Orchestra
92%
2 Orchestra New York Philharmonic
91%
9 Orchestra London Symphony Orchestra
85%
4 Orchestra Los Angeles Philharmonic
85%
3 Orchestra Chicago Symphony Orchestra
75%
1 Orchestra San Francisco Symphony
62%
8 Orchestra Philadelphia Orchestra
57%
Conductor Simon Rattle
45%
7 Orchestra Cleveland Orchestra
43%
10 Orchestra Royal Concertgebouw
37%
Conductor Gustavo Dudamel
32%
Conductor Michael Tilson Thomas
22%
Conductor Riccardo Muti
20%
Conductor Alan Gilbert
18%
Conductor Valery Gergiev
17%
Conductor Mariss Jansons (departing)
14%
Conductor Yannick Nézet-Séguin
14%
Conductor Franz Welser-Möst
5%
5 Orchestra Nordwestdeutsche Philharmonie
0%
Conductor Yves Abel
0%
No matching quizzes found
Score Distribution
Percent of People with Each Score
Percentile by Number Answered
Your Score History
You have not taken this quiz since the last reset